Представление документа в формате RUSMARC

Поле Инд. ПП Название Значение
Тип записи a
Библиографический уровень a
001 Контрольный номер 26d8e1544bb54804a3286b4b166c2516
005 Дата корректировки 20200407131657.3
100 a Данные общей обработки 20181224 ||| 0rusy0189 ca
101 0_ a Язык текста rus
102 a Страна публикации RU
200 1_ f Первые сведения об ответственности М.В. Баранчикова
a Заглавие Использование служебного положения как способ совершения специальных видов мошенничества
b Общее обозначение материала Текст
210 1_ d Дата издания 2018
461 _0 1 2000
a Закон и право
463 _0 1 2000
a № 10
v С. 78-80
1 2101
d 2018
1 001b258fa7bd4384b36883885c5c579215b
606 a Основная рубрика Право. Юридические науки
x Основная подрубрика Уголовное право
610 0_ a Ключевые слова МОШЕННИЧЕСТВО
a Ключевые слова ПРЕСТУПЛЕНИЯ СЛУЖЕБНЫЕ
a Ключевые слова СУБЪЕКТ ПРЕСТУПЛЕНИЯ
700 _1 a Фамилия Баранчикова
b Имя М.В.
801 _0 a Страна RU
b Организация РГУП
c Дата составления 20181224
g Правила каталогизации PSBO
801 _1 a Страна RU
b Организация РГУП
c Дата составления 20181224
g Правила каталогизации PSBO
901 t Тип документа b
w Контрольный № источника b258fa7bd4384b36883885c5c579215b
905 a Дата ввода 20181224